Top Players in NBA 2k20 - Statistics

General Stats
  • This quiz has been taken 1,444 times
  • The average score is 19 of 20
Answer Stats
Team Rating Answer % Correct
Rockets 96 James Harden
100%
Lakers 97 LeBron James
100%
Lakers 94 Anthony Davis
99%
Bucks 96 Giannis Antetokounmpo
99%
Clippers 97 Kawhi Leonard
99%
Nets 96 Kevin Durant
99%
Warriors 96 Stephen Curry
99%
TrailBlazers 92 Damian Lillard
98%
76ers 91 Joel Embiid
98%
Nets 91 Kyrie Irving
98%
Nuggets 90 Nikola Jokić
98%
Warriors 89 Klay Thompson
97%
Clippers 93 Paul George
97%
Heat 88 Jimmy Butler
96%
TimberWolves 89 Karl-Anthony Towns
95%
Jazz 88 Donovan Mitchell
91%
Jazz 88 Rudy Gobert
91%
Rockets 90 Russell Westbrook
91%
Pistons 88 Blake Griffin
81%
Celtics 88 Kemba Walker
74%
No matching quizzes found
Score Distribution
Percent of People with Each Score
Percentile by Number Answered
Your Score History
You have not taken this quiz